<?xml version="1.0" encoding="UTF-8"?>
<record
    xmlns:xsi="http://www.w3.org/2001/XMLSchema-instance"
    xsi:schemaLocation="http://www.loc.gov/MARC21/slim http://www.loc.gov/standards/marcxml/schema/MARC21slim.xsd"
    xmlns="http://www.loc.gov/MARC21/slim">

  <leader>01929nam0a2200349   4500</leader>
  <controlfield tag="001">RU\NLR\bibl\1274371</controlfield>
  <controlfield tag="005">20260406152506.0</controlfield>
  <datafield tag="010" ind1=" " ind2=" ">
    <subfield code="a">978-5-488-01934-8</subfield>
    <subfield code="9">7000</subfield>
  </datafield>
  <datafield tag="021" ind1=" " ind2=" ">
    <subfield code="a">RU</subfield>
    <subfield code="b">2008-56661</subfield>
    <subfield code="9">3153</subfield>
  </datafield>
  <datafield tag="035" ind1=" " ind2=" ">
    <subfield code="a">(NLR Aleph) 001260207</subfield>
  </datafield>
  <datafield tag="090" ind1=" " ind2=" ">
    <subfield code="a">374264</subfield>
    <subfield code="c">374264</subfield>
  </datafield>
  <datafield tag="100" ind1=" " ind2=" ">
    <subfield code="a">20080917d2008    |||y0rusy50      ca</subfield>
  </datafield>
  <datafield tag="101" ind1="1" ind2=" ">
    <subfield code="a">rus</subfield>
    <subfield code="c">eng</subfield>
  </datafield>
  <datafield tag="102" ind1=" " ind2=" ">
    <subfield code="a">RU</subfield>
  </datafield>
  <datafield tag="105" ind1=" " ind2=" ">
    <subfield code="a">a   |||||||||</subfield>
  </datafield>
  <datafield tag="200" ind1="1" ind2=" ">
    <subfield code="a">&#x421;&#x43A;&#x430;&#x437;&#x43A;&#x438;</subfield>
    <subfield code="e">[&#x434;&#x43B;&#x44F; &#x43C;&#x43B;&#x430;&#x434;&#x448;&#x435;&#x433;&#x43E; &#x448;&#x43A;&#x43E;&#x43B;&#x44C;&#x43D;&#x43E;&#x433;&#x43E; &#x432;&#x43E;&#x437;&#x440;&#x430;&#x441;&#x442;&#x430;]</subfield>
    <subfield code="f">&#x420;&#x435;&#x434;&#x44C;&#x44F;&#x440; &#x41A;&#x438;&#x43F;&#x43B;&#x438;&#x43D;&#x433;</subfield>
    <subfield code="g">[&#x43F;&#x435;&#x440;. &#x441; &#x430;&#x43D;&#x433;&#x43B;. &#x41A; &#x427;&#x443;&#x43A;&#x43E;&#x432;&#x441;&#x43A;&#x43E;&#x433;&#x43E;</subfield>
    <subfield code="g">&#x441;&#x442;&#x438;&#x445;&#x438; &#x432; &#x43F;&#x435;&#x440;. &#x421;. &#x41C;&#x430;&#x440;&#x448;&#x430;&#x43A;&#x430;</subfield>
    <subfield code="g">&#x445;&#x443;&#x434;&#x43E;&#x436;. &#x412;. &#x41A;&#x443;&#x440;&#x434;&#x43E;&#x432;, &#x412;. &#x414;&#x443;&#x432;&#x438;&#x434;&#x43E;&#x432;]</subfield>
  </datafield>
  <datafield tag="210" ind1=" " ind2=" ">
    <subfield code="a">&#x41C;&#x43E;&#x441;&#x43A;&#x432;&#x430;</subfield>
    <subfield code="c">&#x41E;&#x43D;&#x438;&#x43A;&#x441;</subfield>
    <subfield code="d">2008</subfield>
  </datafield>
  <datafield tag="215" ind1=" " ind2=" ">
    <subfield code="a">173, [2] &#x441;.</subfield>
    <subfield code="c">&#x438;&#x43B;., &#x43F;&#x43E;&#x440;&#x442;&#x440;.</subfield>
    <subfield code="d">22</subfield>
  </datafield>
  <datafield tag="225" ind1="1" ind2=" ">
    <subfield code="a">&#x411;&#x438;&#x431;&#x43B;&#x438;&#x43E;&#x442;&#x435;&#x43A;&#x430; &#x43C;&#x43B;&#x430;&#x434;&#x448;&#x435;&#x433;&#x43E; &#x448;&#x43A;&#x43E;&#x43B;&#x44C;&#x43D;&#x438;&#x43A;&#x430;</subfield>
    <subfield code="e">&#x411;&#x41C;&#x428;</subfield>
  </datafield>
  <datafield tag="225" ind1="1" ind2=" ">
    <subfield code="a">&#x427;&#x438;&#x442;&#x430;&#x435;&#x43C; &#x43F;&#x43E; &#x448;&#x43A;&#x43E;&#x43B;&#x44C;&#x43D;&#x43E;&#x439; &#x43F;&#x440;&#x43E;&#x433;&#x440;&#x430;&#x43C;&#x43C;&#x435;</subfield>
  </datafield>
  <datafield tag="327" ind1="1" ind2=" ">
    <subfield code="a">&#x421;&#x43E;&#x434;&#x435;&#x440;&#x436;.: &#x41E;&#x442;&#x447;&#x435;&#x433;&#x43E; &#x443; &#x432;&#x435;&#x440;&#x431;&#x43B;&#x44E;&#x434;&#x430; &#x433;&#x43E;&#x440;&#x431;; &#x41E;&#x442;&#x43A;&#x443;&#x434;&#x430; &#x443; &#x43D;&#x43E;&#x441;&#x43E;&#x440;&#x43E;&#x433;&#x430; &#x448;&#x43A;&#x443;&#x440;&#x430;; &#x421;&#x43B;&#x43E;&#x43D;&#x435;&#x43D;&#x43E;&#x43A;; &#x41E;&#x442;&#x43A;&#x443;&#x434;&#x430; &#x432;&#x437;&#x44F;&#x43B;&#x438;&#x441;&#x44C; &#x431;&#x440;&#x43E;&#x43D;&#x435;&#x43D;&#x43E;&#x441;&#x446;&#x44B;; &#x41A;&#x430;&#x43A; &#x431;&#x44B;&#x43B;&#x43E; &#x43D;&#x430;&#x43F;&#x438;&#x441;&#x430;&#x43D;&#x43E; &#x43F;&#x435;&#x440;&#x432;&#x43E;&#x435; &#x43F;&#x438;&#x441;&#x44C;&#x43C;&#x43E;; &#x41A;&#x43E;&#x448;&#x43A;&#x430;, &#x433;&#x443;&#x43B;&#x44F;&#x432;&#x448;&#x430;&#x44F; &#x441;&#x430;&#x43C;&#x430; &#x43F;&#x43E; &#x441;&#x435;&#x431;&#x435;; &#x420;&#x438;&#x43A;&#x43A;&#x438;-&#x422;&#x438;&#x43A;&#x43A;&#x438;-&#x422;&#x430;&#x432;&#x438;</subfield>
  </datafield>
  <datafield tag="686" ind1=" " ind2=" ">
    <subfield code="a">&#x428;9(4&#x412;&#x43B;)60-4</subfield>
  </datafield>
  <datafield tag="700" ind1=" " ind2="1">
    <subfield code="4">070</subfield>
    <subfield code="8">rus</subfield>
    <subfield code="7">ca</subfield>
    <subfield code="a">&#x41A;&#x438;&#x43F;&#x43B;&#x438;&#x43D;&#x433;</subfield>
    <subfield code="b">&#x420;.</subfield>
    <subfield code="f">1865-1936</subfield>
    <subfield code="g">&#x420;&#x435;&#x434;&#x44C;&#x44F;&#x440;&#x434;</subfield>
    <subfield code="3">RU\NLR\auth\775969</subfield>
    <subfield code="9">115925</subfield>
  </datafield>
  <datafield tag="702" ind1=" " ind2="1">
    <subfield code="4">730</subfield>
    <subfield code="8">rus</subfield>
    <subfield code="7">ca</subfield>
    <subfield code="a">&#x41C;&#x430;&#x440;&#x448;&#x430;&#x43A;</subfield>
    <subfield code="b">&#x421;. &#x42F;.</subfield>
    <subfield code="f">1887-1964</subfield>
    <subfield code="g">&#x421;&#x430;&#x43C;&#x443;&#x438;&#x43B; &#x42F;&#x43A;&#x43E;&#x432;&#x43B;&#x435;&#x432;&#x438;&#x447;</subfield>
    <subfield code="3">RU\NLR\auth\774792</subfield>
    <subfield code="9">114767</subfield>
  </datafield>
  <datafield tag="702" ind1=" " ind2="1">
    <subfield code="4">040</subfield>
    <subfield code="8">rus</subfield>
    <subfield code="7">ca</subfield>
    <subfield code="a">&#x41A;&#x443;&#x440;&#x434;&#x43E;&#x432;</subfield>
    <subfield code="b">&#x412;. &#x418;.</subfield>
    <subfield code="c">&#x445;&#x443;&#x434;&#x43E;&#x436;&#x43D;&#x438;&#x43A;</subfield>
    <subfield code="f">1905-1989</subfield>
    <subfield code="g">&#x412;&#x430;&#x43B;&#x435;&#x43D;&#x442;&#x438;&#x43D; &#x418;&#x432;&#x430;&#x43D;&#x43E;&#x432;&#x438;&#x447;</subfield>
    <subfield code="3">RU\NLR\auth\7773804</subfield>
    <subfield code="9">56732</subfield>
  </datafield>
  <datafield tag="702" ind1=" " ind2="1">
    <subfield code="4">040</subfield>
    <subfield code="8">rus</subfield>
    <subfield code="7">ca</subfield>
    <subfield code="a">&#x414;&#x443;&#x432;&#x438;&#x434;&#x43E;&#x432;</subfield>
    <subfield code="b">&#x412;. &#x410;.</subfield>
    <subfield code="c">&#x445;&#x443;&#x434;&#x43E;&#x436;&#x43D;&#x438;&#x43A;</subfield>
    <subfield code="f">1932-2000</subfield>
    <subfield code="g">&#x412;&#x438;&#x43A;&#x442;&#x43E;&#x440; &#x410;&#x440;&#x43E;&#x43D;&#x43E;&#x432;&#x438;&#x447;</subfield>
    <subfield code="3">RU\NLR\auth\7773803</subfield>
    <subfield code="9">56731</subfield>
  </datafield>
  <datafield tag="801" ind1=" " ind2="0">
    <subfield code="a">RU</subfield>
    <subfield code="b">NLR</subfield>
    <subfield code="c">20080917</subfield>
    <subfield code="g">RCR</subfield>
  </datafield>
  <datafield tag="801" ind1=" " ind2="1">
    <subfield code="a">RU</subfield>
    <subfield code="b">NLR</subfield>
    <subfield code="c">20080917</subfield>
  </datafield>
  <datafield tag="942" ind1=" " ind2=" ">
    <subfield code="c">BOOK</subfield>
  </datafield>
  <datafield tag="980" ind1=" " ind2=" ">
    <subfield code="a">NB</subfield>
  </datafield>
  <datafield tag="995" ind1=" " ind2=" ">
    <subfield code="5">2008-09-17</subfield>
    <subfield code="a">ad</subfield>
    <subfield code="b">NLR01</subfield>
    <subfield code="c">NLR01</subfield>
    <subfield code="e">RF9</subfield>
    <subfield code="f">2755781</subfield>
    <subfield code="k">2008-5/7917</subfield>
    <subfield code="o">0</subfield>
    <subfield code="r">BOOK</subfield>
    <subfield code="s">200857917_</subfield>
  </datafield>
  <datafield tag="995" ind1=" " ind2=" ">
    <subfield code="5">2008-09-17</subfield>
    <subfield code="a">ad</subfield>
    <subfield code="b">NLR01</subfield>
    <subfield code="c">NLR01</subfield>
    <subfield code="e">OUT02</subfield>
    <subfield code="f">2755782</subfield>
    <subfield code="o">0</subfield>
    <subfield code="r">BOOK</subfield>
  </datafield>
</record>
